| 000 | 01567nam a2200397Ia 4500 | ||
|---|---|---|---|
| 001 | ebr10112468 | ||
| 003 | CaPaEBR | ||
| 006 | m u | ||
| 007 | cr cn||||||||| | ||
| 008 | 050614s2005 caua sb 001 0 eng d | ||
| 010 | _z 2005277382 | ||
| 020 | _z0738491942 | ||
| 040 |
_aCaPaEBR _cCaPaEBR |
||
| 035 | _a(OCoLC)137342145 | ||
| 050 | 1 | 4 |
_aTK5105.525 _bI52 2005eb |
| 082 | 0 | 4 |
_a004.6/5 _222 |
| 245 | 0 | 0 |
_aImplementing and managing APPC protected conversations _h[electronic resource] / _c[Paola Bari ... et al.]. |
| 250 | _a1st ed. | ||
| 260 |
_aSan Jose, CA : _bIBM, International Support Organization, _cc2005. |
||
| 300 |
_axii, 168 p. : _bill. |
||
| 490 | 1 | _aIBM redbooks | |
| 500 | _a"February 2005." | ||
| 500 | _a"SG24-6486-00." | ||
| 504 | _aIncludes bibliographical references and index. | ||
| 533 |
_aElectronic reproduction. _bPalo Alto, Calif. : _cebrary, _d2009. _nAvailable via World Wide Web. _nAccess may be limited to ebrary affiliated libraries. |
||
| 630 | 0 | 0 | _az/OS. |
| 650 | 0 | _aPeer-to-peer architecture (Computer networks) | |
| 650 | 0 | _aSystems programming (Computer science) | |
| 650 | 0 |
_aElectronic data processing _xDistributed processing. |
|
| 655 | 7 |
_aElectronic books. _2local |
|
| 700 | 1 | _aBari, Paola. | |
| 710 | 2 |
_aInternational Business Machines Corporation. _bInternational Technical Support Organization. |
|
| 710 | 2 | _aebrary, Inc. | |
| 830 | 0 | _aIBM redbooks. | |
| 856 | 4 | 0 |
_uhttp://site.ebrary.com/lib/rucke/Doc?id=10112468 _zAn electronic book accessible through the World Wide Web; click to view |
| 999 |
_c106573 _d106573 |
||